Striking first : (Record no. 15396)

000 -LEADER
fixed length control field 01753cam a22004334a 4500
001 - CONTROL NUMBER
control field 13567075
005 - DATE AND TIME OF LATEST TRANSACTION
control field 20170105102917.0
008 - FIXED-LENGTH DATA ELEMENTS--GENERAL INFORMATION
fixed length control field 040422s2004 nyu b 001 0 eng
010 ## - LIBRARY OF CONGRESS CONTROL NUMBER
LC control number 2004049759
015 ## - NATIONAL BIBLIOGRAPHY NUMBER
National bibliography number GBA480240
Source bnb
016 7# - NATIONAL BIBLIOGRAPHIC AGENCY CONTROL NUMBER
Record control number 013033447
Source Uk
020 ## - INTERNATIONAL STANDARD BOOK NUMBER
International Standard Book Number 9781403965486
020 ## - INTERNATIONAL STANDARD BOOK NUMBER
International Standard Book Number 140396548X
035 ## - SYSTEM CONTROL NUMBER
System control number (OCoLC)ocm55044499
035 ## - SYSTEM CONTROL NUMBER
System control number (OCoLC)55044499
040 ## - CATALOGING SOURCE
Original cataloging agency DLC
Transcribing agency DLC
Modifying agency C#P
-- PMC
-- OCL
-- BAKER
-- UKM
-- YDXCP
-- OCLCQ
-- OCLCA
-- DLC
042 ## - AUTHENTICATION CODE
Authentication code pcc
043 ## - GEOGRAPHIC AREA CODE
Geographic area code n-us---
050 00 - LIBRARY OF CONGRESS CALL NUMBER
Classification number E902
Item number .S77 2004
082 00 - DEWEY DECIMAL CLASSIFICATION NUMBER
Classification number 327.73/009/0511
Edition number 22
245 00 - TITLE STATEMENT
Title Striking first :
Remainder of title the preventive war doctrine and the reshaping of U.S. foreign policy /
Statement of responsibility, etc. edited by Betty Glad and Chris J. Dolan.
250 ## - EDITION STATEMENT
Edition statement 1st ed.
260 ## - PUBLICATION, DISTRIBUTION, ETC.
Place of publication, distribution, etc. New York :
Name of publisher, distributor, etc. Palgrave Macmillan,
Date of publication, distribution, etc. 2004.
300 ## - PHYSICAL DESCRIPTION
Extent xiii, 232 p. ;
Dimensions 25 cm.
504 ## - BIBLIOGRAPHY, ETC. NOTE
Bibliography, etc. note Includes bibliographical references and index.
650 #0 - SUBJECT ADDED ENTRY--TOPICAL TERM
Topical term or geographic name entry element Terrorism
General subdivision Government policy
Geographic subdivision United States.
650 #0 - SUBJECT ADDED ENTRY--TOPICAL TERM
Topical term or geographic name entry element War on Terrorism, 2001-2009.
650 #0 - SUBJECT ADDED ENTRY--TOPICAL TERM
Topical term or geographic name entry element Preemptive attack (Military science)
651 #0 - SUBJECT ADDED ENTRY--GEOGRAPHIC NAME
Geographic name United States
General subdivision Foreign relations
Chronological subdivision 2001-2009.
651 #0 - SUBJECT ADDED ENTRY--GEOGRAPHIC NAME
Geographic name United States
General subdivision Military policy.
700 1# - ADDED ENTRY--PERSONAL NAME
Personal name Glad, Betty.
700 1# - ADDED ENTRY--PERSONAL NAME
Personal name Dolan, Chris J.
856 42 - ELECTRONIC LOCATION AND ACCESS
Materials specified Contributor biographical information
Uniform Resource Identifier <a href="http://www.loc.gov/catdir/enhancements/fy0910/2004049759-b.html">http://www.loc.gov/catdir/enhancements/fy0910/2004049759-b.html</a>
856 42 - ELECTRONIC LOCATION AND ACCESS
Materials specified Publisher description
Uniform Resource Identifier <a href="http://www.loc.gov/catdir/enhancements/fy0910/2004049759-d.html">http://www.loc.gov/catdir/enhancements/fy0910/2004049759-d.html</a>
856 41 - ELECTRONIC LOCATION AND ACCESS
Materials specified Table of contents only
Uniform Resource Identifier <a href="http://www.loc.gov/catdir/enhancements/fy0910/2004049759-t.html">http://www.loc.gov/catdir/enhancements/fy0910/2004049759-t.html</a>
906 ## - LOCAL DATA ELEMENT F, LDF (RLIN)
a 7
b cbc
c orignew
d 1
e ocip
f 20
g y-gencatlg
942 ## - ADDED ENTRY ELEMENTS (KOHA)
Source of classification or shelving scheme
Koha item type Book
Holdings
Withdrawn status Lost status Damaged status Not for loan Collection code Permanent Location Current Location Shelving location Date acquired Total Checkouts Full call number Barcode Date last seen Price effective from Koha item type
          Centre for International Peace & Stability (CIPS) Centre for International Peace & Stability (CIPS) General Stacks 10/02/2013   327.730090511 STR 2004 CIPS0002374 12/02/2013 12/02/2013 Book
© 2023 Central Library, National University of Sciences and Technology. All Rights Reserved.